书目信息 |
| 题名: |
汉英会计教程
|
|
| 作者: | 蒋彦振 主编 | |
| 分册: | ||
| 出版信息: | 北京 北京大学出版社 2000.05 |
|
| 页数: | 761页 | |
| 开本: | 16开 | |
| 丛书名: | ||
| 单 册: | ||
| 中图分类: | F230 | |
| 科图分类: | ||
| 主题词: | 会计 | |
| 电子资源: | ||
| ISBN: | 7-301-04511-5 | |
| 000 | 00543nam0 2200193 45 | |
| 001 | 0010020212 | |
| 005 | 20001002023741.0 | |
| 010 | @a7-301-04511-5@d68.00元 | |
| 100 | @a20001002d2000 km y0chiy0120 ea | |
| 101 | 0 | @achi |
| 105 | @a z 000yy | |
| 200 | 1 | @a汉英会计教程@AHan Ying Kuai Ji Jiao Cheng@f蒋彦振主编@FJiang Yan Zhen Zhu Bian |
| 210 | @a北京@c北京大学出版社@d2000.05 | |
| 215 | @a761页@d16开 | |
| 606 | 0 | @a会计 |
| 690 | @aF230@v3 | |
| 701 | 0 | @a蒋彦振@4主编 |
| 801 | @aCN@bPftUser@c20001002 | |
| 905 | @b411651-653@dF230@eJ981@f3 | |
| 汉英会计教程/蒋彦振主编.-北京:北京大学出版社,2000.05 |
| 761页;16开 |
| ISBN 7-301-04511-5:68.00元 |
| ● |
| 相关链接 |
|
|
|
正题名:汉英会计教程
索取号:F230/J981
 
预约/预借
| 序号 | 登录号 | 条形码 | 馆藏地/架位号 | 状态 | 备注 |
| 1 | 411651 | 204116517 | 社科二线422/422社科库 13排2列1层/ [索取号:F230/J981] | 在馆 | |
| 2 | 411652 | 204116526 | 社科二线422/409社科库 75排1列2层/ [索取号:F230/J981] | 在馆 | |
| 3 | 411653 | 204116535 | 社科库409/409社科库 75排1列2层/ [索取号:F230/J981] | 在馆 |